000 01201nam a22002297a 4500
008 240531t2024 xxk|||||o|||| 00| 0 eng d
041 _aeng
110 _aRoyal Institution of Chartered Surveyors
245 _aLeasehold Reform: what next for the sector?
_h[Electronic resource]
260 _aLondon,
_bRoyal Institution of Chartered Surveyors,
_c29 May 2024
520 _aOn the occasion of the Royal Assent of the Leasehold and Freehold Reform Bill to become the Leasehold and Freehold Reform Act, the RICS outlines what this means for leaseholders, freeholders, landlords, investors, building owners and other stakeholders. It notes that there is still a lot of uncertainty and consultations to take place including on ground rent and valuation.
650 _aLEASEHOLD AND FREEHOLD REFORM ACT
650 _aLEASEHOLD ENFRANCHISEMENT
650 _aLEASEHOLD VALUATION
650 _aGROUND RENTS
650 _aSERVICE CHARGES
651 _aUnited Kingdom
690 _aLandlord and tenant
_96252
710 _aRoyal Institution of Chartered Surveyors
856 _uhttps://www.rics.org/news-insights/leasehold-reform-what-next-for-the-sector
_zAvailable free on RICS.org
942 _n0
999 _c121945
_d121945